000 00519nam a2200205 4500
003 OSt
005 20231103084939.0
008 150323b xxu||||| |||| 00| 0 eng d
020 _a0321315235
040 _c040a
082 _a310 TRI 2006
100 _aTriola, Mario F.
_92555
245 _aElementary Statistics
250 _a10th ed.
260 _aBoston
_bPearson international
_c2006
300 _axxxiv, 868p;
_bcol.ill
_c14c m
504 _aincludes index
650 _aStatistics
_91274
942 _2ddc
_cSLOAN
999 _c1205
_d1205